Petro Kapšučenko - skul'ptor

Bibliographic Details
Main Author: Lopata, Pavlo, 1945- (Author)
Format: Article
Language:Slovak
Ukrainian
Subjects:

MARC

LEADER 00000nab a2200000 a 4500
001 vtls009302500
003 SK-MaSNL
005 20260304160338.0
008 250507c2008 xo qr p 000 c0slo
015 |a SNBRB2008/06 
035 |a (uuid)8f9284ec-3f6d-4f49-b23c-c867bad7a580 
035 |a urn:nbn:sk:snk-abc3yb 
035 |a (urnnbn)urn:nbn:sk:snk:ar-001lfy 
038 |a SVKPOCL 
040 |a SNKBUCL  |b slo  |c SNKBUCL  |e AACR2 
041 0 |a ukr 
044 |a xo  |c SK 
080 |a 730.071.1  |2 2001 
080 |a 929 Kapšučenko, Petro  |2 2001 
100 1 |a Lopata, Pavlo,  |d 1945-  |4 aut  |9 120910 
245 1 0 |a Petro Kapšučenko - skul'ptor  |c Pavlo Lopata 
504 |a Bibliogr. odkazy 
600 1 7 |a Kapšučenko, Petro,  |d 1915-2006  |x biografie  |2 svkpocl  |9 1483027 
650 0 7 |a sochári  |2 svkpocl  |9 3055 
650 0 7 |a rodáci  |2 SNKPH  |9 30842 
651 7 |a Dnipro (Ukrajina)  |2 svkpocl  |9 88192 
655 7 |a biografie  |2 svkpocl  |9 27965 
773 0 |t Duklja  |g Rič. 56, No 2 (2008), s. 92-96 
850 |a Slovenská národná knižnica 
852 |a Slovenská národná knižnica 
958 |a article15 
958 |a UK 
958 |a UA 
958 |a BC 
958 |a SK 
958 |a US 
958 |a NB 
958 |a OND 
958 |a EUIPO 
999 |c 2966707  |d 2968637